000 00399nam a2200145Ia 4500
008 200103s9999||||xx |||||||||||||| ||und||
020 _a9788120332898
040 _aIMU-MPC
082 _aColumn-56
100 _aGhosh, Ahindra and Chatterjee, Amit
245 0 _aIronmaking and Steelmaking: Theory and practice
260 _bPHI Learning Pvt. Ltd., Delhi
_c2014
300 _axx, 472
942 _cBK
999 _c10556
_d10556